Taking cover (Record no. 85191)

MARC details
000 -LEADER
fixed length control field 00800cab a22002175a 4500
001 - CONTROL NUMBER
control field L160223
008 - FIXED-LENGTH DATA ELEMENTS--GENERAL INFORMATION
fixed length control field 190423e2019 xxk 000 0 eng d
035 ## - SYSTEM CONTROL NUMBER
System control number (Sirsi) u160223
041 0# - LANGUAGE CODE
Language code of text/sound track or separate title eng
100 1# - MAIN ENTRY--PERSONAL NAME
Personal name Davies, Andrew
245 00 - TITLE STATEMENT
Title Taking cover
Medium [electronic resource]
260 ## - PUBLICATION, DISTRIBUTION, ETC.
Date of publication, distribution, etc. 2019
490 ## - SERIES STATEMENT
Series statement RICS Property Journal
Volume/sequential designation October-November 2018, 52-53(2)
520 ## - SUMMARY, ETC.
Summary, etc. Looks at range of specialist insurance services available for providing cover for fine art and antiques businesses.
590 ## - LOCAL NOTE (RLIN)
Local note NTK
651 #4 - SUBJECT ADDED ENTRY--GEOGRAPHIC NAME
Geographic name United Kingdom
Chronological subdivision
690 ## - LOCAL SUBJECT ADDED ENTRY--TOPICAL TERM (OCLC, RLIN)
Topical term or geographic name as entry element Insurance
9 (RLIN) 6249
690 ## - LOCAL SUBJECT ADDED ENTRY--TOPICAL TERM (OCLC, RLIN)
Topical term or geographic name as entry element Arts and Antiques
9 (RLIN) 6217
856 40 - ELECTRONIC LOCATION AND ACCESS
Uniform Resource Identifier <a href="https://www.rics.org/globalassets/rics-website/media/news/journals/property/property-journal-october-november-2018.pdf">https://www.rics.org/globalassets/rics-website/media/news/journals/property/property-journal-october-november-2018.pdf</a>
Public note Available online at RICS.org
942 ## - ADDED ENTRY ELEMENTS (KOHA)
Suppress in OPAC 0
Source of classification or shelving scheme Dewey Decimal Classification
Holdings
Withdrawn status Lost status Source of classification or shelving scheme Damaged status Not for loan Home library Current library Shelving location Date acquired Total Checkouts Full call number Barcode Date last seen Copy number Price effective from Koha item type
    Dewey Decimal Classification     London London Journals 23/04/2019   160223 160223-1001 06/08/2019 1 06/08/2019 Journal article
    Dewey Decimal Classification     Virtual Virtual Online 30/04/2019   ONLINE PUBLICATON 160223-2001 06/08/2019 1 06/08/2019 Journal article